|
|
|
|
| LEADER |
06278nam a2200625 4500 |
| 001 |
978-981-13-8300-7 |
| 003 |
DE-He213 |
| 005 |
20200213033053.0 |
| 007 |
cr nn 008mamaa |
| 008 |
190517s2019 si | s |||| 0|eng d |
| 020 |
|
|
|a 9789811383007
|9 978-981-13-8300-7
|
| 024 |
7 |
|
|a 10.1007/978-981-13-8300-7
|2 doi
|
| 040 |
|
|
|d GrThAP
|
| 050 |
|
4 |
|a QA76.9.D343
|
| 072 |
|
7 |
|a UNF
|2 bicssc
|
| 072 |
|
7 |
|a COM021030
|2 bisacsh
|
| 072 |
|
7 |
|a UNF
|2 thema
|
| 072 |
|
7 |
|a UYQE
|2 thema
|
| 082 |
0 |
4 |
|a 006.312
|2 23
|
| 245 |
1 |
0 |
|a Emerging Technologies in Computer Engineering: Microservices in Big Data Analytics
|h [electronic resource] :
|b Second International Conference, ICETCE 2019, Jaipur, India, February 1-2, 2019, Revised Selected Papers /
|c edited by Arun K. Somani, Seeram Ramakrishna, Anil Chaudhary, Chothmal Choudhary, Basant Agarwal.
|
| 250 |
|
|
|a 1st ed. 2019.
|
| 264 |
|
1 |
|a Singapore :
|b Springer Singapore :
|b Imprint: Springer,
|c 2019.
|
| 300 |
|
|
|a XIII, 364 p. 193 illus., 111 illus. in color.
|b online resource.
|
| 336 |
|
|
|a text
|b txt
|2 rdacontent
|
| 337 |
|
|
|a computer
|b c
|2 rdamedia
|
| 338 |
|
|
|a online resource
|b cr
|2 rdacarrier
|
| 347 |
|
|
|a text file
|b PDF
|2 rda
|
| 490 |
1 |
|
|a Communications in Computer and Information Science,
|x 1865-0929 ;
|v 985
|
| 505 |
0 |
|
|a Innovative Mindset -- Design of IoT Blockchain Based Smart Agriculture for Enlightening Safety and Security -- An Efficient and Adaptive Method for Collision Probability of Ships, Icebergs Using CNN and DBSCAN Clustering Algorithm -- Robust Moving Object Detection and Tracking Framework Using Linear Phase FIR Filter -- Advance Persistent Threat Detection Using Long Short Term Memory (LSTM) Neural Networks -- IOT Enabled Machine Learning and Big Data Analytics Based Life Style Diseases: A Survey -- 3D Trajectory Reconstruction Using Color-based Optical Flow and Stereo Vision -- Medical Image Analysis using Deep Learning: A Systematic Literature Review -- Cross-Domain Spam Detection in Social Media: A Survey -- A Comparative Study on k-means Clustering Method and Analysis -- Smart Judiciary System: A Smart Dust based IoT Application -- Performance Evaluation of Tree Ensemble Classification Models Towards Challenges of Big Data Analytics -- The Survival Analysis for Auto-scaling of Cloud Resource Provisioning -- Rating Prediction by Combining User Interest and Friendly Relationship -- A Comparative Study of Methods for Hiding Large Size Audio File in Smaller Image Carriers -- An Improved SMS based Metering System -- Cervical Cancer Detection using Single Cell and Multiple Cell Histopathologic Images -- IoT Sensor based Alert System for Visually Impaired Persons -- Join Query Optimization using Genetic Ant Colony Optimization Algorithm for Distributed Database -- Solving an Intractable Stochastic Partial Backordering Inventory Problem using Machine Learning -- An Approach to Suggesting Code Smell Order for Refactoring -- Optimal Feature Selection of Technical Indicator and Stock Prediction using Machine Learning Technique -- Using Social Networking Sites: A Qualitative Cross-Cultural Comparison -- POS Tagging and Structural Annotation of Handwritten Text Image Corpus of Devnagari Script -- Automatic Parallelization of C code using OpenMP -- Expert System in Determining the Quality of Fish Guramy Superior Seedlings Using Forward Chaining-Based Websites -- Proactive Cache Placement and Optimal Partitioning in Named Data Networking -- Hybrid Multimodal Medical Image Fusion Algorithms for Astrocytoma Disease Analysis -- Advanced Expert System Using Bees Swarm Optimisation Based Adaptive Network Based Fuzzy Inference System to Diagonse the Physical Constitution of Human Body.
|
| 520 |
|
|
|a This book constitutes the refereed proceedings of the Second International Conference on Emerging Technologies in Computer Engineering: Microservices in Big Data Analytics, ICETCE 2019, held in Jaipur, India, in February 2019. The 28 revised full papers along with 1 short paper presented were carefully reviewed and selected from 253 submissions. ICETCE conference aims to showcase advanced technologies, techniques, innovations and equipments in computer engineering. It provides a platform for researchers, scholars, experts, technicians, government officials and industry personnel from all over the world to discuss and share their valuable ideas and experiences.
|
| 650 |
|
0 |
|a Data mining.
|
| 650 |
|
0 |
|a Artificial intelligence.
|
| 650 |
|
0 |
|a Application software.
|
| 650 |
|
0 |
|a Computer organization.
|
| 650 |
|
0 |
|a Optical data processing.
|
| 650 |
|
0 |
|a Computer security.
|
| 650 |
1 |
4 |
|a Data Mining and Knowledge Discovery.
|0 http://scigraph.springernature.com/things/product-market-codes/I18030
|
| 650 |
2 |
4 |
|a Artificial Intelligence.
|0 http://scigraph.springernature.com/things/product-market-codes/I21000
|
| 650 |
2 |
4 |
|a Information Systems Applications (incl. Internet).
|0 http://scigraph.springernature.com/things/product-market-codes/I18040
|
| 650 |
2 |
4 |
|a Computer Systems Organization and Communication Networks.
|0 http://scigraph.springernature.com/things/product-market-codes/I13006
|
| 650 |
2 |
4 |
|a Image Processing and Computer Vision.
|0 http://scigraph.springernature.com/things/product-market-codes/I22021
|
| 650 |
2 |
4 |
|a Systems and Data Security.
|0 http://scigraph.springernature.com/things/product-market-codes/I28060
|
| 700 |
1 |
|
|a Somani, Arun K.
|e editor.
|4 edt
|4 http://id.loc.gov/vocabulary/relators/edt
|
| 700 |
1 |
|
|a Ramakrishna, Seeram.
|e editor.
|0 (orcid)0000-0001-8479-8686
|1 https://orcid.org/0000-0001-8479-8686
|4 edt
|4 http://id.loc.gov/vocabulary/relators/edt
|
| 700 |
1 |
|
|a Chaudhary, Anil.
|e editor.
|4 edt
|4 http://id.loc.gov/vocabulary/relators/edt
|
| 700 |
1 |
|
|a Choudhary, Chothmal.
|e editor.
|4 edt
|4 http://id.loc.gov/vocabulary/relators/edt
|
| 700 |
1 |
|
|a Agarwal, Basant.
|e editor.
|4 edt
|4 http://id.loc.gov/vocabulary/relators/edt
|
| 710 |
2 |
|
|a SpringerLink (Online service)
|
| 773 |
0 |
|
|t Springer eBooks
|
| 776 |
0 |
8 |
|i Printed edition:
|z 9789811382994
|
| 776 |
0 |
8 |
|i Printed edition:
|z 9789811383014
|
| 830 |
|
0 |
|a Communications in Computer and Information Science,
|x 1865-0929 ;
|v 985
|
| 856 |
4 |
0 |
|u https://doi.org/10.1007/978-981-13-8300-7
|z Full Text via HEAL-Link
|
| 912 |
|
|
|a ZDB-2-SCS
|
| 950 |
|
|
|a Computer Science (Springer-11645)
|